00335nam a2200121Ia 4500008004100000100003100041245003100072260004100103300000900144650003500153942000800188999001700196190216s9999||||xx |||||||||||||| ||und|| aIndian Academy Of Sciences 0aIndian Academy Of Sciences bThe Indian Academy Of Sciencesc1962 a145p aThe Indian Academy Of Sciences cREF c35344d35344